000 01013nam0a22002771 4500
001 rc\40321
005 20021216124533.5
010 _a5-230-19319-0
_9800
035 _a(NLR Aleph) 005322311
090 _a6501633
_c6501633
100 _a20021216d1992 u |0rusy50 ca
101 0 _arus
102 _aRU
105 _aa |||||||||
200 1 _aБезопасность жизнедеятельности
_eУчеб. пособие
_fС.А. Бережной, В.В. Романов, Ю.И. Седов
_gТвер. политехн. ин-т
210 _aТверь
_cТвеПИ
_d1992
215 _a160 с.
_cил.
_d20
320 _aБиблиогр.: с. 159-160 (20 назв.)
700 1 _aБережной
_bС. А.
_gСергей Алексеевич
701 1 _aРоманов
_bВ. В.
_gВениамин Вениаминович
701 1 _aСедов
_bЮ. И.
_gЮрий Иванович
801 0 _aRU
_bNLR
_gpsbo
801 1 _aRU
_bELAR
_2rusmarc
852 _aNLR
_j93-3/2019
942 _cBOOK
980 _aNB